Detalles MARC
| 000 -CABECERA |
| campo de control de longitud fija |
02297nam a2200277 a 4500 |
| 001 - NÚMERO DE CONTROL |
| campo de control |
000021494 |
| 003 - IDENTIFICADOR DEL NÚMERO DE CONTROL |
| campo de control |
OSt |
| 005 - FECHA Y HORA DE LA ÚLTIMA TRANSACCIÓN |
| campo de control |
20210126094139.0 |
| 008 - DATOS DE LONGITUD FIJA--INFORMACIÓN GENERAL |
| campo de control de longitud fija |
100908s2010 dr a r 000 0 spa d |
| 040 ## - FUENTE DE LA CATALOGACIÓN |
| Centro catalogador/agencia de origen |
DO-SdBNP |
| Lengua de catalogación |
spa |
| Centro/agencia transcriptor |
BNPHU |
| 082 #4 - NÚMERO DE LA CLASIFICACIÓN DECIMAL DEWEY |
| Número de clasificación |
352.48 |
| Número de documento/Ítem |
R426p 2010 |
| Número de edición |
22 |
| 110 1# - ENTRADA PRINCIPAL--NOMBRE DE ENTIDAD CORPORATIVA |
| Nombre de entidad corporativa o nombre de jurisdicción como elemento de entrada |
República Dominicana. |
| Unidad subordinada |
Ministerio de Hacienda. |
| 9 (RLIN) |
32266 |
| 245 10 - MENCIÓN DE TÍTULO |
| Título |
Presupuestos de ingresos y ley de gastos públicos, 2010 |
| 246 13 - FORMA VARIANTE DE TÍTULO |
| Título propio/Titulo breve |
Informe explicativo 20210 |
| 260 ## - PUBLICACIÓN, DISTRIBUCIÓN, ETC. |
| Lugar de publicación, distribución, etc. |
Santo Domingo : |
| Nombre del editor, distribuidor, etc. |
Ministerio de Hacienda, |
| Fecha de publicación, distribución, etc. |
2010 |
| 300 ## - DESCRIPCIÓN FÍSICA |
| Extensión |
2v. : |
| Otras características físicas |
il. ; |
| Dimensiones |
28 cm. |
| 500 ## - NOTA GENERAL |
| Nota general |
|
| 505 ## - NOTA DE CONTENIDO CON FORMATO |
| Información miscelánea |
v.1. |
| Nota de contenido con formato |
Presupuesto del Gobierno Central |
| Título |
Informe explicativo - |
| -- |
Primera parte : Presupuesto de ingresos y ley de gastos públicos -- |
| -- |
Segunda parte : Información de los ingresos |
| -- |
Gráficos de los ingresos -- |
| -- |
Información de los gastos -- |
| -- |
Gráficos sobre los gastos |
| -- |
Recursos externos y contrapartidas por Ministerio de Estado -- |
| -- |
Transferencias a instituciones por fuentes de financiamientos -- |
| -- |
Proyectos por programas, fuentes y organismo financiador, según capitulos -- |
| -- |
Política fiscal y el proyecto de presupuesto 2010-2012 -- |
| -- |
Estimación de los gastos tributarios -- |
| -- |
Matriz de gastos tributarios-- |
| -- |
Tercera parte : Distribución institucional de los gastos apropiados : Poder Legislativo |
| -- |
Poder Ejecutivo -- |
| -- |
Poder Judicial -- |
| -- |
Organismo especiales -- |
| -- |
Programas virtuales |
| -- |
Cuarta parte : Transferencias corrientes a asociaciones sin fines de lucro (ASFL). |
| 505 ## - NOTA DE CONTENIDO CON FORMATO |
| Información miscelánea |
v.2. : Presupuesto de ingresos y gastos de las instituciones descentralizadas y autónomas no financieras -- |
| Título |
Informaciones sobre los ingresos año 2010 -- |
| -- |
Informaciones sobre los gastos año 2010 -- |
| -- |
Distribución institucional de los gastos apropiados -- |
| -- |
Segunda parte : Presupuesto de ingresos y gastos de las instituciones públicas de la Seguridad Social |
| -- |
Informaciones sobre los ingresos año 2010 -- |
| -- |
Informaciones sobre los gastos año 2010 -- |
| -- |
Distribución institucional de los gastos apropiados. |
| 590 ## - NOTA LOCAL (RLIN) |
| Nota local |
Inventariado, 2021/VM |
| 650 #4 - PUNTO DE ACCESO ADICIONAL DE MATERIA--TÉRMINO DE MATERIA |
| Término de materia o nombre geográfico como elemento de entrada |
Presupuesto |
| Subdivisión general |
Legislación |
| Subdivisión geográfica |
República Dominicana |
| 9 (RLIN) |
7940 |
| 650 #4 - PUNTO DE ACCESO ADICIONAL DE MATERIA--TÉRMINO DE MATERIA |
| Término de materia o nombre geográfico como elemento de entrada |
Hacienda pública |
| Subdivisión geográfica |
República Dominicana |
| 9 (RLIN) |
6562 |
| 651 #4 - PUNTO DE ACCESO ADICIONAL DE MATERIA--NOMBRE GEOGRÁFICO |
| Nombre geográfico |
Gastos públicos |
| Subdivisión geográfica |
República Dominicana |
| 9 (RLIN) |
44806 |
| 910 ## - DATOS DE OPCIÓN DEL USUARIO (OCLC) |
| Datos de opción del usuario |
VMateo/Validado. Control de calidad MFF |
| 942 ## - ELEMENTOS DE PUNTO DE ACCESO ADICIONAL (KOHA) |
| Fuente del sistema de clasificación o colocación |
Dewey Decimal Classification |
| Tipo de ítem Koha |
Libro |